| 000 | 01031nam a2200277Ia 4500 | ||
|---|---|---|---|
| 003 | OSt | ||
| 005 | 20200905155038.0 | ||
| 008 | 191128s2014 ck gr 001 0 spa d | ||
| 020 | _a9789583510250 | ||
| 040 |
_aCO-JMCR _cCO-JMCR |
||
| 041 | 0 | _aspa | |
| 082 | 0 | 4 |
_a362.88 / _bR627v _223 |
| 100 | 1 |
_aRodríguez Campos, Carlos, _eautor _99880 |
|
| 245 | 1 | 0 |
_aVictimización y desvictimización : _bun estudio filosófico-jurídico y multidisciplinario / _cCarlos Rodríguez Campos y Emilio José García Mercader |
| 260 |
_aBogotá : _bTemis, _c2014 |
||
| 300 |
_a120 páginas ; _c21 cm. |
||
| 500 | _aIncluye índice de autores. | ||
| 504 | _aBibliografía: páginas 115-118 | ||
| 505 | 0 | _aLa victimización -- Daños y perjuicios -- Proceso de victimización -- Desvictimización | |
| 650 | 1 |
_aVictimización _99881 |
|
| 650 | 1 |
_aDesvictimización _99882 |
|
| 650 | 1 |
_aVíctimas de delitos _99883 |
|
| 650 | 2 |
_aJusticia _xclasificación _99884 |
|
| 700 | 1 |
_aGarcía Mercader, Emilio José, _eautor _99885 |
|
| 942 |
_2ddc _cBK |
||
| 999 |
_c5945 _d5945 |
||